Statistics for Country by Historical Event #1

Click here to take the quiz!

General Stats

  • This quiz has been taken 108 times
  • The average score is 16 of 21

Answer Stats

EventCountry% Correct
Storming of the BastilleFrance
99%
RenaissanceItaly
94%
Bay of Pigs InvasionCuba
92%
Outbreak of World War IIPoland
92%
ApartheidSouth Africa
92%
Crucifixion of JesusIsrael
92%
Industrial RevolutionUnited Kingdom
89%
Potato FamineIreland
89%
Xinhai RevolutionChina
88%
Protestant ReformationGermany
86%
Battle of MarathonGreece
85%
Khmer Rouge ReignCambodia
84%
Salem Witch TrailsUnited States
82%
Battle of WaterlooBelgium
82%
Fat Man and Little Boy ExplosionJapan
75%
Outbreak of World War ISerbia
71%
Franz Ferdinand AssassinationBosnia and Herzegovina
70%
Salt MarchIndia
61%
Columbus' first Landfall in the New WorldBahamas
52%
Ferdinand Magellan DeathPhilippines
35%
HegiraSaudi Arabia
17%

Score Distribution

Percentile by Number Answered

Percent of People with Each Score

Your Score History

You have not taken this quiz